[Event "European Blitz Championship 2021"]
[Site "Katowice"]
[Date "2021.12.17"]
[Round "15.12"]
[White "Kyc, Jerzy"]
[Black "Wieczorek, Oskar"]
[Result "0-1"]
[WhiteElo "2250"]
[BlackElo "2258"]
[Annotator "NA"]
[PlyCount "90"]
[EventDate "2021.12.17"]
[EventType "swiss"]
[EventCountry "POL"]
[SourceTitle "playchess.com"]
[Source "ChessBase"]
[SourceQuality "1"]

1. e4 c5 2. Nf3 d6 3. d4 cxd4 4. Nxd4 Nf6 5. Nc3 Nc6 6. Bg5 Bd7 7. Qd2 Rc8 8.
Nb3 a6 9. Bxf6 gxf6 10. O-O-O e6 11. f4 b5 12. Kb1 b4 13. Ne2 Qb6 14. f5 a5 15.
Nbd4 Nxd4 16. Nxd4 e5 17. Nf3 a4 18. Bd3 Qc5 19. g4 a3 20. b3 Qc3 21. Qxc3 Rxc3
22. Nd2 h5 23. gxh5 Bc6 24. Nc4 Ke7 25. Rhe1 Rxh5 26. Nxd6 Rxh2 27. Nc4 Ke8 28.
Rh1 Rxh1 29. Rxh1 Bc5 30. Rh8+ Ke7 31. Kc1 Bd4 32. Kd2 Bb5 33. Rb8 Bc6 34. Rxb4
Kd7 35. Nxa3 Rc5 36. Rc4 Ra5 37. Nb1 Rxa2 38. Nc3 Ra8 39. Ne2 Bb6 40. c3 Ra2+
41. Kd1 Be3 42. Nc1 Ra1 43. Ke2 Bxc1 44. b4 Ra2+ 45. Kf1 Bb5 0-1

[Event "European Blitz Championship 2021"]
[Site "Katowice"]
[Date "2021.12.17"]
[Round "15.13"]
[White "Kalogeris, Ioannis"]
[Black "Gumularz, Szymon"]
[Result "1/2-1/2"]
[WhiteElo "2287"]
[BlackElo "2533"]
[Annotator "ChessBase"]
[PlyCount "37"]
[EventDate "2021.12.17"]
[EventType "swiss"]
[EventCountry "POL"]
[SourceTitle "playchess.com"]
[Source "ChessBase"]
[SourceQuality "1"]

1. e4 d6 2. Nf3 Nf6 3. Nc3 g6 4. d4 Bg7 5. h3 O-O 6. Be2 a6 7. a4 Nc6 8. O-O e5
9. Bg5 exd4 10. Nxd4 Nxd4 11. Qxd4 Nxe4 12. Bxd8 Bxd4 13. Bxc7 Nxc3 14. bxc3
Bxc3 15. Rad1 Bf5 16. Bf3 Be5 17. Bxd6 Bxd6 18. Rxd6 Rab8 19. Rb1 1/2-1/2

[Event "European Blitz Championship 2021"]
[Site "Katowice"]
[Date "2021.12.17"]
[Round "15.13"]
[White "Luberanski, Jakub"]
[Black "Gerasimenyk, Mikhail"]
[Result "0-1"]
[WhiteElo "2072"]
[BlackElo "2258"]
[Annotator "NA"]
[PlyCount "58"]
[EventDate "2021.12.17"]
[EventType "swiss"]
[EventCountry "POL"]
[SourceTitle "playchess.com"]
[Source "ChessBase"]
[SourceQuality "1"]

1. d4 d6 2. Nf3 Nf6 3. c4 g6 4. Nc3 Bg7 5. e4 O-O 6. Be2 e5 7. O-O Nc6 8. d5
Ne7 9. Nd2 Ne8 10. b4 f5 11. c5 f4 12. Bg4 g5 13. Nc4 Nf6 14. Bxc8 Rxc8 15. f3
h5 16. a4 g4 17. b5 b6 18. c6 Ng6 19. a5 Nh7 20. fxg4 Qg5 21. gxh5 Nh4 22. Qe2
Nf6 23. Kh1 Nxh5 24. axb6 axb6 25. Bd2 Rf6 26. Be1 Rh6 27. Bxh4 Qxh4 28. Rf3
Ng3+ 29. Rxg3 Qxh2# 0-1

[Event "European Blitz Championship 2021"]
[Site "Katowice"]
[Date "2021.12.17"]
[Round "15.14"]
[White "Batashevs, Arsens"]
[Black "Nasuta, Grzegorz"]
[Result "0-1"]
[WhiteElo "2091"]
[BlackElo "2377"]
[Annotator "NA"]
[PlyCount "78"]
[EventDate "2021.12.17"]
[EventType "swiss"]
[EventCountry "POL"]
[SourceTitle "playchess.com"]
[Source "ChessBase"]
[SourceQuality "1"]

1. Nf3 Nf6 2. c4 c5 3. b3 e6 4. Bb2 d5 5. e3 Nc6 6. cxd5 exd5 7. Bb5 Be7 8. O-O
O-O 9. Bxc6 bxc6 10. d4 cxd4 11. Nxd4 Qb6 12. Nc3 c5 13. Na4 Qb7 14. Nf3 Ne4
15. Rc1 Bd7 16. Nc3 Nxc3 17. Bxc3 Rfd8 18. Qc2 Be6 19. Qb2 f6 20. Rfd1 Bg4 21.
Qe2 Bf8 22. h3 Bh5 23. g4 Bf7 24. Rd2 Re8 25. Qd1 Rac8 26. Bb2 d4 27. exd4 Bd5
28. Nh4 c4 29. bxc4 Rxc4 30. Rxc4 Bxc4 31. d5 Bb4 32. Rd4 Re1+ 33. Qxe1 Bxe1
34. Ba3 Bb4 35. Bxb4 Qxb4 36. d6 Qe1+ 37. Kg2 Bf1+ 38. Kg1 Bxh3+ 39. Kh2 Qxf2+
0-1

[Event "European Blitz Championship 2021"]
[Site "Katowice"]
[Date "2021.12.17"]
[Round "15.14"]
[White "Szmyd, Arkadiusz"]
[Black "Kowalczyk, Rafal"]
[Result "0-1"]
[WhiteElo "2062"]
[BlackElo "2252"]
[Annotator "NA"]
[PlyCount "78"]
[EventDate "2021.12.17"]
[EventType "swiss"]
[EventCountry "POL"]
[SourceTitle "playchess.com"]
[Source "ChessBase"]
[SourceQuality "1"]

1. e4 e5 2. Nc3 Nf6 3. f4 d5 4. fxe5 Nxe4 5. Nf3 Be7 6. Qe2 Nxc3 7. dxc3 O-O 8.
Bf4 c6 9. O-O-O Nd7 10. h4 Nc5 11. Kb1 Re8 12. Ka1 Bg4 13. Qe3 Ne6 14. g3 Bc5
15. Qd3 Be7 16. Be2 Nc5 17. Qe3 Ne4 18. Nd4 Bxe2 19. Qxe2 f6 20. Nf5 fxe5 21.
Bxe5 Bf6 22. Bxf6 Qxf6 23. g4 Nxc3 24. Qd3 Nxd1 25. Rxd1 Re4 26. Kb1 Rae8 27.
a3 g6 28. Nh6+ Kg7 29. g5 Qf2 30. Ka2 Qe2 31. Qc3+ d4 32. Qb3 R4e7 33. Rd3 c5
34. Qc4 Qe6 35. Qxe6 Rxe6 36. Rf3 R8e7 37. Rf4 Re4 38. Rf3 Rxh4 39. Rf6 Rxh6
0-1

[Event "European Blitz Championship 2021"]
[Site "Katowice"]
[Date "2021.12.17"]
[Round "15.15"]
[White "Spalir, Jernej"]
[Black "Niedbala, Bartlomiej"]
[Result "0-1"]
[WhiteElo "2368"]
[BlackElo "2179"]
[Annotator "NA"]
[PlyCount "56"]
[EventDate "2021.12.17"]
[EventType "swiss"]
[EventCountry "POL"]
[SourceTitle "playchess.com"]
[Source "ChessBase"]
[SourceQuality "1"]

1. d4 Nf6 2. Nf3 d5 3. c4 e6 4. Nc3 dxc4 5. e3 a6 6. a4 b6 7. Bxc4 Bb7 8. O-O
Bb4 9. Qe2 O-O 10. Na2 Bd6 11. b3 Nc6 12. Bd3 e5 13. dxe5 Nxe5 14. Nxe5 Bxe5
15. Rb1 Qd5 16. f4 Bd6 17. Bc4 Qf5 18. Bb2 Rfe8 19. Rbe1 Qg6 20. Bd3 Be4 21.
Bxe4 Nxe4 22. Nc3 Bc5 23. Nd5 Qc6 24. Rd1 Rad8 25. Qc4 Rxd5 26. Qxd5 Bxe3+ 27.
Kh1 Ng3+ 28. hxg3 Qh6+ 0-1

[Event "European Blitz Championship 2021"]
[Site "Katowice"]
[Date "2021.12.17"]
[Round "15.15"]
[White "Malczyk, Radoslaw"]
[Black "Sharankov, Grigory"]
[Result "0-1"]
[WhiteElo "2045"]
[BlackElo "2238"]
[Annotator "NA"]
[PlyCount "82"]
[EventDate "2021.12.17"]
[EventType "swiss"]
[EventCountry "POL"]
[SourceTitle "playchess.com"]
[Source "ChessBase"]
[SourceQuality "1"]

1. d4 d5 2. c4 c6 3. Nc3 Nf6 4. e3 g6 5. Nf3 Bg7 6. Be2 O-O 7. O-O Na6 8. Ne5
Nc7 9. b3 Nd7 10. f4 Nxe5 11. fxe5 dxc4 12. Bxc4 Be6 13. Ba3 Qd7 14. Ne4 b6 15.
Rc1 Nd5 16. Qd2 Bh6 17. Rf3 Rad8 18. Nc3 Nxe3 19. Rxe3 Bxc4 20. bxc4 Qxd4 21.
Qxd4 Rxd4 22. Rce1 Bxe3+ 23. Rxe3 Re8 24. c5 b5 25. Ne4 Red8 26. Bb2 Rd1+ 27.
Kf2 Rb1 28. Re2 a5 29. Nc3 Rh1 30. h3 a4 31. Ne4 b4 32. a3 bxa3 33. Bxa3 Rd3
34. Bb4 Rb3 35. Ba5 a3 36. Nc3 Rc1 37. Na2 Rxc5 38. Bb4 Rb5 39. Bxe7 Rb2 40.
Nc3 Rxe2+ 41. Kxe2 Rxe5+ 0-1

[Event "European Blitz Championship 2021"]
[Site "Katowice"]
[Date "2021.12.17"]
[Round "15.16"]
[White "Balog, Imre"]
[Black "Balacek, Tadeas"]
[Result "1-0"]
[WhiteElo "2573"]
[BlackElo "2312"]
[Annotator "ChessBase"]
[PlyCount "113"]
[EventDate "2021.12.17"]
[EventType "swiss"]
[EventCountry "POL"]
[SourceTitle "playchess.com"]
[Source "ChessBase"]
[SourceQuality "1"]

1. d4 Nf6 2. Bg5 e6 3. e4 h6 4. Bxf6 Qxf6 5. Nc3 d6 6. Qd2 g6 7. f4 Bg7 8. Nf3
Qe7 9. h4 h5 10. O-O-O b6 11. e5 d5 12. Ng5 a6 13. g4 hxg4 14. Qg2 c5 15. Qxg4
Nc6 16. Ne2 Bd7 17. h5 O-O-O 18. dxc5 bxc5 19. Ng3 Kb7 20. c4 Nd4 21. Bg2 Bc6
22. hxg6 fxg6 23. Rxh8 Rxh8 24. cxd5 exd5 25. Ne2 Bxe5 26. fxe5 Nxe2+ 27. Qxe2
Qxg5+ 28. Rd2 Re8 29. e6 Qf5 30. e7 Qd7 31. Qd1 d4 32. Bxc6+ Qxc6 33. Re2 Qd6
34. Qb3+ Kc7 35. Re6 Qf4+ 36. Kd1 Qg4+ 37. Kd2 Qf4+ 38. Kd3 Qf3+ 39. Kc4 Qxb3+
40. axb3 Kd7 41. Rxg6 Kxe7 42. Kxc5 Rd8 43. Kc4 d3 44. Rg1 d2 45. Rd1 Rd6 46.
Kc3 Rc6+ 47. Kxd2 Rb6 48. Kc3 Rc6+ 49. Kb4 Rb6+ 50. Ka4 Ke6 51. b4 Ke7 52. Rd4
Ke6 53. Ka5 Rc6 54. b5 axb5 55. Kxb5 Rc2 56. b4 Ke5 57. Rd1 1-0

[Event "European Blitz Championship 2021"]
[Site "Katowice"]
[Date "2021.12.17"]
[Round "15.16"]
[White "Budrewicz, Krzysztof"]
[Black "Castejon Caballero, Andres"]
[Result "1-0"]
[WhiteElo "2183"]
[BlackElo "2083"]
[Annotator "NA"]
[PlyCount "97"]
[EventDate "2021.12.17"]
[EventType "swiss"]
[EventCountry "POL"]
[SourceTitle "playchess.com"]
[Source "ChessBase"]
[SourceQuality "1"]

1. d4 Nf6 2. c4 g6 3. Nc3 d5 4. Nf3 Bg7 5. h4 h5 6. Bg5 c6 7. e3 Ne4 8. Bd3 Bf5
9. Qc2 Nxg5 10. Nxg5 Bxd3 11. Qxd3 e6 12. f4 Qe7 13. O-O-O f5 14. Kb1 Bf6 15.
Nf3 Nd7 16. cxd5 cxd5 17. Rc1 a6 18. Na4 b5 19. Nc5 Kf7 20. g3 Rhc8 21. Nxd7
Qxd7 22. Nd2 Be7 23. Nb3 Rxc1+ 24. Rxc1 Rc8 25. Qd2 Rxc1+ 26. Qxc1 Bd6 27. Qc3
Ke7 28. Nc5 Qc6 29. b4 Bc7 30. Kb2 Bd6 31. Kb3 Bc7 32. Nxa6 Qxa6 33. Qxc7+ Kf6
34. Qe5+ Kf7 35. Qc7+ Kf6 36. Qc3 Qa4+ 37. Kb2 Qd1 38. a3 Qe2+ 39. Kb3 Qd1+ 40.
Qc2 Qf3 41. Qd2 Qf1 42. Qc2 Qe1 43. Qd3 Qc1 44. Qc2 Qxe3+ 45. Qc3 Qe2 46. a4
Qd1+ 47. Kb2 Qxa4 48. Qc5 Qa6 49. Qf8# 1-0

[Event "European Blitz Championship 2021"]
[Site "Katowice"]
[Date "2021.12.17"]
[Round "15.17"]
[White "Kulon, Klaudia"]
[Black "Kovalenko, Igor"]
[Result "0-1"]
[WhiteElo "2265"]
[BlackElo "2668"]
[Annotator "RC"]
[PlyCount "98"]
[EventDate "2021.12.17"]
[EventType "swiss"]
[EventCountry "POL"]
[SourceTitle "playchess.com"]
[Source "ChessBase"]
[SourceQuality "1"]

1. c4 Nf6 2. g3 c5 3. Bg2 Nc6 4. Nc3 d6 5. e3 g6 6. Nge2 Bg7 7. O-O Bg4 8. h3
Bd7 9. d4 O-O 10. b3 Rb8 11. d5 Na5 12. a4 a6 13. Bd2 e5 14. f4 Re8 15. e4 exf4
16. gxf4 Nh5 17. Kh2 b5 18. axb5 axb5 19. Rxa5 Qxa5 20. Nxb5 Qb6 21. Nec3 f5
22. exf5 Bxf5 23. Re1 Bh6 24. Rxe8+ Rxe8 25. Qc1 Qd8 26. Kg1 Ng3 27. Qd1 Ne4
28. Nxe4 Bxe4 29. Bxe4 Rxe4 30. Qg4 Bg7 31. Qf3 Qe7 32. Kf1 Bf8 33. Nxd6 Rd4
34. Be3 Qxd6 35. Bxd4 cxd4 36. Qe4 Qf6 37. Kg2 Bd6 38. Kf3 Kf7 39. Kg4 Kg7 40.
Kf3 Kf7 41. Kg4 d3 42. Kf3 d2 43. Ke2 Qxf4 44. Qe6+ Kg7 45. Qc8 Qh2+ 46. Kd1
Bf4 47. Qd7+ Kh6 48. Qg4 Qh1+ 49. Kc2 Qc1+ 0-1

[Event "European Blitz Championship 2021"]
[Site "Katowice"]
[Date "2021.12.17"]
[Round "15.17"]
[White "Galuszka, Tomasz"]
[Black "Snihur, Piotr"]
[Result "1/2-1/2"]
[WhiteElo "2181"]
[BlackElo "2237"]
[Annotator "NA"]
[PlyCount "107"]
[EventDate "2021.12.17"]
[EventType "swiss"]
[EventCountry "POL"]
[SourceTitle "playchess.com"]
[Source "ChessBase"]
[SourceQuality "1"]

1. e4 e5 2. Nf3 Nc6 3. Bb5 Nf6 4. Bxc6 dxc6 5. d3 Nd7 6. Nbd2 Be7 7. Nc4 f6 8.
O-O O-O 9. d4 exd4 10. Qxd4 Bc5 11. Qd3 Qe7 12. Bf4 Nb6 13. Nxb6 Bxb6 14. Be3
Be6 15. Bxb6 cxb6 16. Rfe1 Rad8 17. Qc3 b5 18. a3 c5 19. e5 Bd5 20. exf6 Qxf6
21. Qxf6 Rxf6 22. Ne5 a5 23. f3 Rfd6 24. Rad1 Be6 25. Rxd6 Rxd6 26. Kf2 Bf5 27.
c3 b4 28. axb4 axb4 29. cxb4 cxb4 30. Re2 b3 31. g4 Be6 32. f4 g6 33. Ke3 Kg7
34. Rd2 Ra6 35. h4 h6 36. g5 hxg5 37. hxg5 Bf5 38. Kd4 Ra4+ 39. Ke3 Kf8 40.
Rd8+ Ke7 41. Rb8 Ra7 42. Kd2 Kd6 43. Kc3 Ra4 44. Nc4+ Kc5 45. Ne5 Rxf4 46. Rxb7
Kd5 47. Rb5+ Kd6 48. Nc4+ Ke7 49. Rb7+ Kd8 50. Nd6 Rf3+ 51. Kd4 Rg3 52. Nf7+
Kc8 53. Nd6+ Kd8 54. Nf7+ 1/2-1/2

[Event "European Blitz Championship 2021"]
[Site "Katowice"]
[Date "2021.12.17"]
[Round "15.18"]
[White "Motylev, Alexander"]
[Black "Ustianovich, Nazar"]
[Result "1/2-1/2"]
[WhiteElo "2633"]
[BlackElo "2278"]
[Annotator "RC"]
[PlyCount "86"]
[EventDate "2021.12.17"]
[EventType "swiss"]
[EventCountry "POL"]
[SourceTitle "playchess.com"]
[Source "ChessBase"]
[SourceQuality "1"]

1. e4 c5 2. Nf3 g6 3. c3 Nf6 4. e5 Nd5 5. d4 cxd4 6. Qxd4 Nc7 7. h4 Nc6 8. Qe4
h6 9. Bc4 Bg7 10. Bf4 b5 11. Bb3 Bb7 12. Qe2 a6 13. Nbd2 Ne6 14. Bxe6 dxe6 15.
Ne4 Na5 16. O-O Qd5 17. Rfe1 Qc4 18. Qc2 Rd8 19. Bg3 Qd3 20. Qxd3 Rxd3 21. Nc5
Rxf3 22. gxf3 Bxf3 23. Nxa6 g5 24. Re3 g4 25. Rd3 O-O 26. b3 Nc6 27. Re1 Ra8
28. Nc7 Rb8 29. a4 bxa4 30. bxa4 Na5 31. Nb5 Nc4 32. Rd4 Nb6 33. a5 Nd5 34. c4
Nb4 35. Rb1 Nc6 36. Rd3 Rc8 37. Re1 Ra8 38. Kh2 Rxa5 39. Bf4 h5 40. Kg3 Kh7 41.
Rc1 Ra4 42. Nd4 Nxe5 43. Nxf3 Nc6 1/2-1/2

[Event "European Blitz Championship 2021"]
[Site "Katowice"]
[Date "2021.12.17"]
[Round "15.18"]
[White "Budzisz, Adrian"]
[Black "Zakrzewski, Marek"]
[Result "0-1"]
[WhiteElo "1985"]
[BlackElo "2279"]
[Annotator "NA"]
[PlyCount "106"]
[EventDate "2021.12.17"]
[EventType "swiss"]
[EventCountry "POL"]
[SourceTitle "playchess.com"]
[Source "ChessBase"]
[SourceQuality "1"]

1. e4 e6 2. d4 d5 3. Nd2 c5 4. Ngf3 Nf6 5. exd5 exd5 6. Bb5+ Bd7 7. Bxd7+ Nbxd7
8. O-O Be7 9. dxc5 Nxc5 10. Nb3 Nce4 11. Nfd4 Nd6 12. Bf4 O-O 13. Bxd6 Bxd6 14.
Nf5 Bc7 15. Qf3 g6 16. Ne3 Qd6 17. g3 Rad8 18. Rad1 Qc6 19. Rd3 Be5 20. c3 Qa6
21. Qd1 Qxa2 22. Qc2 Qa6 23. Rfd1 Rfe8 24. Nxd5 Nxd5 25. Rxd5 Rxd5 26. Rxd5 Bg7
27. Qd2 h5 28. Nc5 Qa1+ 29. Kg2 b6 30. Nd3 Qa6 31. Rd7 Qb5 32. Nf4 a5 33. Qd5
Qxd5+ 34. Rxd5 Rb8 35. Rb5 a4 36. Nd5 a3 37. bxa3 Ra8 38. Nxb6 Rxa3 39. c4 Rc3
40. Rb4 Bd4 41. Nd5 Rc2 42. Kf3 Rxf2+ 43. Ke4 Bc5 44. Rb5 Bf8 45. h4 Kg7 46. c5
Rc2 47. Kd4 Rg2 48. c6 Bd6 49. Rb3 Rxg3 50. Rxg3 Bxg3 51. Ke4 Bd6 52. c7 Bxc7
53. Nxc7 f6 0-1

[Event "European Blitz Championship 2021"]
[Site "Katowice"]
[Date "2021.12.17"]
[Round "15.19"]
[White "Kastelik, Adrian"]
[Black "Laurusas, Tomas"]
[Result "0-1"]
[WhiteElo "2248"]
[BlackElo "2553"]
[Annotator "RC"]
[PlyCount "64"]
[EventDate "2021.12.17"]
[EventType "swiss"]
[EventCountry "POL"]
[SourceTitle "playchess.com"]
[Source "ChessBase"]
[SourceQuality "1"]

1. e4 c6 2. d4 d5 3. exd5 cxd5 4. c4 Nf6 5. Nc3 e6 6. Nf3 Bb4 7. cxd5 Nxd5 8.
Bd2 Nc6 9. Nxd5 Bxd2+ 10. Qxd2 Qxd5 11. Be2 O-O 12. O-O Rd8 13. Rfd1 b6 14. b3
Bb7 15. Qe3 Ne7 16. Rac1 Rac8 17. Rxc8 Rxc8 18. Rc1 Rxc1+ 19. Qxc1 Qd6 20. Qc4
Nf5 21. Bd3 Ne7 22. Ne5 f6 23. Nf3 Bxf3 24. gxf3 Nc6 25. Be4 Nxd4 26. Qc8+ Kf7
27. Bxh7 f5 28. Qg8+ Kf6 29. Kg2 Ne2 30. f4 Nxf4+ 31. Kf3 Qd3+ 32. Kxf4 e5# 0-1

[Event "European Blitz Championship 2021"]
[Site "Katowice"]
[Date "2021.12.17"]
[Round "15.19"]
[White "Wisniewski, Michal"]
[Black "Sotsky, Alexander"]
[Result "1-0"]
[WhiteElo "2215"]
[BlackElo "2087"]
[Annotator "NA"]
[PlyCount "83"]
[EventDate "2021.12.17"]
[EventType "swiss"]
[EventCountry "POL"]
[SourceTitle "playchess.com"]
[Source "ChessBase"]
[SourceQuality "1"]

1. Nf3 d5 2. c4 e6 3. g3 c6 4. Bg2 f5 5. O-O Nf6 6. d3 Bc5 7. Nc3 O-O 8. e4
dxe4 9. dxe4 Qxd1 10. Rxd1 fxe4 11. Ng5 Ng4 12. Ngxe4 Bxf2+ 13. Nxf2 Nxf2 14.
Rf1 Ng4 15. Rxf8+ Kxf8 16. h3 Nf6 17. Bf4 Nbd7 18. Bd6+ Kf7 19. g4 h6 20. Rf1
e5 21. c5 a5 22. h4 Kg8 23. g5 Ng4 24. Be4 a4 25. Rf3 a3 26. b3 h5 27. Bg6 Ra5
28. b4 Ra6 29. Bxh5 e4 30. Nxe4 Nge5 31. Rf1 Ra4 32. Be7 Rxb4 33. Nd6 Rxh4 34.
Bd1 Rd4 35. Nxc8 Nf7 36. Bb3 Nde5 37. g6 Nxg6 38. Bxf7+ Kh7 39. Bxg6+ Kxg6 40.
Bd6 Rd2 41. Rf2 Rd5 42. Ne7+ 1-0

[Event "European Blitz Championship 2021"]
[Site "Katowice"]
[Date "2021.12.17"]
[Round "15.20"]
[White "Walter, Szymon"]
[Black "Bernadskiy, Vitaliy"]
[Result "0-1"]
[WhiteElo "2277"]
[BlackElo "2592"]
[Annotator "ChessBase"]
[PlyCount "39"]
[EventDate "2021.12.17"]
[EventType "swiss"]
[EventCountry "POL"]
[SourceTitle "playchess.com"]
[Source "ChessBase"]
[SourceQuality "1"]

1. e4 c6 2. d4 d5 3. f3 dxe4 4. fxe4 e5 5. Nf3 Bg4 6. Bc4 Qxd4 7. Qxd4 exd4 8.
Bxf7+ Kxf7 9. Ne5+ Ke6 10. Nxg4 Nd7 11. Nd2 Ngf6 12. Nxf6 Nxf6 13. Ke2 Bd6 14.
Nf3 c5 15. Re1 Ng4 16. h3 Ne5 17. Bd2 h6 18. Nh4 Nc4 19. Nf5 Be5 20. Rf1 0-1

[Event "European Blitz Championship 2021"]
[Site "Katowice"]
[Date "2021.12.17"]
[Round "15.20"]
[White "Bauer, Thomas"]
[Black "Czernek, Tymon"]
[Result "0-1"]
[WhiteElo "2204"]
[BlackElo "2197"]
[Annotator "NA"]
[PlyCount "80"]
[EventDate "2021.12.17"]
[EventType "swiss"]
[EventCountry "POL"]
[SourceTitle "playchess.com"]
[Source "ChessBase"]
[SourceQuality "1"]

1. e4 c5 2. Nf3 d6 3. Bb5+ Nd7 4. Ba4 Ngf6 5. O-O g6 6. c4 Bg7 7. Nc3 O-O 8. h3
Nb6 9. Bb3 Be6 10. d3 Rc8 11. Bf4 h6 12. Qd2 Kh7 13. Rae1 g5 14. Bh2 g4 15.
hxg4 Bxg4 16. Qf4 e5 17. Qe3 Nh5 18. Bd1 Rg8 19. Ng5+ Qxg5 20. Qxg5 hxg5 21.
Bxg4 Nf4 22. Bf5+ Kh6 23. Bxf4 exf4 24. Bxc8 Rxc8 25. g3 f3 26. g4 Nd7 27. Nb5
Rc6 28. Nxa7 Ra6 29. Nb5 Ne5 30. b3 Nxg4 31. a4 Be5 32. Rc1 Kg6 33. Nc7 Rb6 34.
Rfd1 Rxb3 35. Rb1 Ra3 36. Rxb7 Bh2+ 37. Kf1 Ra2 38. Rb6 Rxf2+ 39. Ke1 Re2+ 40.
Kf1 Ne3# 0-1

[Event "European Blitz Championship 2021"]
[Site "Katowice"]
[Date "2021.12.17"]
[Round "15.21"]
[White "Donchenko, Alexander"]
[Black "Kozak, Antoni"]
[Result "1-0"]
[WhiteElo "2645"]
[BlackElo "2272"]
[Annotator "RC"]
[PlyCount "59"]
[EventDate "2021.12.17"]
[EventType "swiss"]
[EventCountry "POL"]
[SourceTitle "playchess.com"]
[Source "ChessBase"]
[SourceQuality "1"]

1. e4 c6 2. Nc3 d5 3. Nf3 a6 4. h3 d4 5. Ne2 c5 6. d3 Nc6 7. c3 e5 8. Ng3 h5 9.
Be2 h4 10. Nf1 Be7 11. N1d2 Nf6 12. Nc4 Qc7 13. a4 Be6 14. Qc2 Nh5 15. cxd4
exd4 16. O-O Nf4 17. Re1 g5 18. Nh2 O-O-O 19. Bd2 Kb8 20. Bg4 Bxc4 21. Qxc4 Ne5
22. Bxf4 gxf4 23. Qb3 c4 24. dxc4 Qxc4 25. Qb6 d3 26. Rec1 Rd6 27. Qa5 Qd4 28.
Qc7+ Ka7 29. Qxe7 Qxb2 30. Qxd6 1-0

[Event "European Blitz Championship 2021"]
[Site "Katowice"]
[Date "2021.12.17"]
[Round "15.21"]
[White "Kozlowski, Michal"]
[Black "Masternak, Grzegorz"]
[Result "1/2-1/2"]
[WhiteElo "2047"]
[BlackElo "2188"]
[Annotator "NA"]
[PlyCount "44"]
[EventDate "2021.12.17"]
[EventType "swiss"]
[EventCountry "POL"]
[SourceTitle "playchess.com"]
[Source "ChessBase"]
[SourceQuality "1"]

1. e4 e6 2. d4 d5 3. exd5 exd5 4. Bd3 Nc6 5. Ne2 Bd6 6. c3 Bg4 7. f3 Bh5 8. O-O
Nge7 9. Bf4 Bg6 10. Re1 O-O 11. Qd2 Re8 12. Bxd6 Qxd6 13. Na3 a6 14. Nc2 Nf5
15. Nf4 Rad8 16. Nxg6 hxg6 17. Bxf5 gxf5 18. Rxe8+ Rxe8 19. Re1 Re7 20. Ne3 g6
21. Nd1 Qf6 22. Nf2 Rxe1+ 1/2-1/2

[Event "European Blitz Championship 2021"]
[Site "Katowice"]
[Date "2021.12.17"]
[Round "15.22"]
[White "Grzesik, Gracjan"]
[Black "Paszewski, Mateusz"]
[Result "1-0"]
[WhiteElo "2208"]
[BlackElo "2177"]
[Annotator "NA"]
[PlyCount "89"]
[EventDate "2021.12.17"]
[EventType "swiss"]
[EventCountry "POL"]
[SourceTitle "playchess.com"]
[Source "ChessBase"]
[SourceQuality "1"]

1. c4 e6 2. Nc3 d5 3. d4 a6 4. cxd5 exd5 5. Bf4 Nf6 6. e3 c5 7. dxc5 Bxc5 8.
Nf3 O-O 9. Bd3 Nc6 10. O-O d4 11. exd4 Nxd4 12. Nxd4 Bxd4 13. Qc2 Qa5 14. Ne2
Ba7 15. Bd2 Qd5 16. Bc3 h6 17. Bxf6 gxf6 18. Rad1 Qg5 19. Be4 Rb8 20. Rd3 Kh8
21. Rg3 Qh4 22. Bf5 Re8 23. Nc3 Qf4 24. Bxc8 Qxf2+ 25. Qxf2 Bxf2+ 26. Kxf2
Rbxc8 27. Rf3 Red8 28. Kg1 Rd2 29. R1f2 Rxf2 30. Kxf2 Kg7 31. Rg3+ Kf8 32. Rd3
Ke7 33. Rh3 Rd8 34. Ke2 Rg8 35. g3 Rg6 36. Nd5+ Kd6 37. Nf4 Rg5 38. Rxh6 Ra5
39. Rxf6+ Ke7 40. Rb6 Rxa2 41. Rxb7+ Kd6 42. h4 a5 43. Kf3 a4 44. Kg4 a3 45.
bxa3 1-0

[Event "European Blitz Championship 2021"]
[Site "Katowice"]
[Date "2021.12.17"]
[Round "15.22"]
[White "Kukula, Pawel"]
[Black "Mirzoev, Emil"]
[Result "0-1"]
[WhiteElo "2191"]
[BlackElo "2474"]
[Annotator "ChessBase"]
[PlyCount "132"]
[EventDate "2021.12.17"]
[EventType "swiss"]
[EventCountry "POL"]
[SourceTitle "playchess.com"]
[Source "ChessBase"]
[SourceQuality "1"]

1. d4 Nf6 2. c4 c5 3. d5 g6 4. Nc3 Bg7 5. e4 d6 6. Bd3 O-O 7. f4 e6 8. dxe6
fxe6 9. Nf3 Nc6 10. O-O a6 11. Kh1 b6 12. Ng5 Qe7 13. Be3 Nd4 14. e5 dxe5 15.
fxe5 Nd7 16. Rxf8+ Nxf8 17. Bf4 Bb7 18. Nge4 Nd7 19. Bg5 Qf8 20. Nd6 Bc6 21.
Be4 Nxe5 22. Bxc6 Nexc6 23. Nde4 Qf5 24. Qd2 Rf8 25. h3 Ne5 26. b3 Nef3 27.
gxf3 Qxh3+ 28. Qh2 Qxf3+ 29. Qg2 Qh5+ 30. Qh2 Qxh2+ 31. Kxh2 Nf3+ 32. Kg3 Bxc3
33. Nxc3 Nxg5 34. Na4 Ne4+ 35. Kg2 b5 36. cxb5 axb5 37. Nb6 Rf2+ 38. Kh3 h5 39.
Re1 Rf4 40. Nd7 Ng5+ 41. Kg3 Rg4+ 42. Kf2 Rf4+ 43. Kg3 Rf3+ 44. Kg2 Rf5 45. a4
bxa4 46. bxa4 c4 47. Rc1 Rf4 48. a5 c3 49. Rxc3 Ra4 50. Rc5 Nf7 51. Nb6 Ra3 52.
Nc4 Ra2+ 53. Kf3 g5 54. Ke4 h4 55. Ne3 h3 56. Rc1 Rxa5 57. Ng4 Kg7 58. Rc3 Ra4+
59. Kf3 Nd6 60. Rc7+ Kg6 61. Ne5+ Kf5 62. Ng4 Ra3+ 63. Ne3+ Kf6 64. Rh7 Nf5 65.
Kg4 Nxe3+ 66. Kh5 h2 0-1

[Event "European Blitz Championship 2021"]
[Site "Katowice"]
[Date "2021.12.17"]
[Round "15.23"]
[White "Sliwicka, Alicja"]
[Black "Dzierzak, Radoslaw"]
[Result "1-0"]
[WhiteElo "2155"]
[BlackElo "2264"]
[Annotator "NA"]
[PlyCount "62"]
[EventDate "2021.12.17"]
[EventType "swiss"]
[EventCountry "POL"]
[SourceTitle "playchess.com"]
[Source "ChessBase"]
[SourceQuality "1"]

1. e4 c5 2. Nf3 e6 3. d4 cxd4 4. Nxd4 Nc6 5. Nc3 Qc7 6. Nb3 a6 7. Bd3 b5 8. O-O
Bb7 9. Bd2 Nf6 10. f4 h5 11. e5 Ng4 12. Ne4 d5 13. exd6 Bxd6 14. Nxd6+ Qxd6 15.
h3 Nf6 16. Qe2 Nd4 17. Qf2 Nxb3 18. axb3 O-O 19. Rae1 Rfd8 20. Bc3 Nd5 21. Be5
Qf8 22. Qh4 Nb4 23. Be2 f6 24. Bc3 Qc5+ 25. Kh2 Nxc2 26. Rc1 Qf5 27. Bxh5 Ne3
28. Bg4 Nxg4+ 29. hxg4 Qe4 30. Rf3 Qe2 31. Rf2 Qe4 1-0